Manual de muestreo de aguas superficiales y análisis en terreno con descripción de un laboratorio portátil económico
Guardat en:
| Autor principal: | |
|---|---|
| Format: | Llibre |
| Idioma: | espanyol |
| Publicat: |
Santiago
Universidad de Chile
1974
|
| Col·lecció: | Publicación O, 7
|
| Matèries: | |
| Etiquetes: |
Afegir etiqueta
Sense etiquetes, Sigues el primer a etiquetar aquest registre!
|
MARC
| LEADER | 00000nam a2200000 a 4500 | ||
|---|---|---|---|
| 001 | UCU5907 | ||
| 003 | CL-VaPUC | ||
| 008 | 960614e19740000CL |||||||||||||||||spa|d | ||
| 082 | 0 | 4 | |a 628.162 |b SAN |2 21 |
| 100 | 0 | |a Sancha, Ana María |e author |9 363982 | |
| 245 | 1 | 0 | |a Manual de muestreo de aguas superficiales y análisis en terreno con descripción de un laboratorio portátil económico |
| 300 | |a 85 p | ||
| 942 | |c BK | ||
| 945 | |d 19960614 00:00:00 |a cmena | ||
| 260 | |a Santiago |b Universidad de Chile |c 1974 | ||
| 650 | 0 | |a Tratamiento del agua |9 262889 | |
| 650 | 0 | |a Agua |9 257149 | |
| 650 | 0 | |a Contaminación del agua |9 261423 | |
| 650 | 0 | |a Aguas superficiales |9 348468 | |
| 650 | 0 | |a Tecnología sanitaria |9 262722 | |
| 650 | 0 | |a Ingeniería civil |9 260076 | |
| 583 | |a last modification |c 20180530 10:13:22 |k Rodrigo Vera | ||
| 490 | 0 | |a Publicación O, 7 | |
| 999 | |c 249055 |d 249053 | ||
| 952 | |0 0 |1 0 |4 0 |6 628_162000000000000_SAN_1974 |7 0 |8 A |9 266068 |a BIBING |b BIBING |d 2019-11-19 |i 1686437 |o 628.162 SAN 1974 |p 1686437 |r 2025-01-20 |w 2019-11-19 |y BK |k CCL | ||